00357nam a22001337a 4500003000400000020001800004082001800022100002300040245010200063250000600165260002900171300001000200650001300210OSt a9780753522752 a303.4bKIR/FA aKirkpatrick, David aFacebook effect:the real inside story of mark zuckerberg and the world's fastest-growing company  a1 aU KbVirgin books c2010 a374p. abusiness